Normal view
MARC view
Entry Personal Name
001 - CONTROL NUMBER
- control field: 1601994
003 - CONTROL NUMBER IDENTIFIER
- control field: NLI
005 - DATE AND TIME OF LATEST TRANSACTION
- control field: 20250324121436.0
008 - FIXED-LENGTH DATA ELEMENTS
- fixed length control field: 250324|| aca||aabn | a|a d
040 ## - CATALOGING SOURCE
- Original cataloging agency: NLI
- Transcribing agency: NLI
100 ## - HEADING--PERSONAL NAME
- Personal name: Holt, Susan
670 ## - SOURCE DATA FOUND
- Source citation: Work cat.: (NLI)1658294: Holt, Susan, author., LGBTQ+ INTIMATE PARTNER VIOLENCE, 2024.
